000 00644nam a2200217 i 4500
001 000038562
003 DO-SdBNP
005 20260421114819.0
007 ta
008 130415s1989 dr 000 0 spa d
040 _aDO-SdBNP
_bspa
_cBNPHU
_erda
082 4 _axxx
_bxxx
_222
100 1 _aLarrañaga, Ignacio
_953897
245 1 0 _aDel sufrimiento a la paz :
_bhacia una liberación interior /
_cIgnacio Larrañaga.
264 1 _aSanto Domingo :
_bSusaeta,
_c1989.
300 _a245 páginas ;
_c20 cm.
336 _atexto
_btxt
_2rdacontent
337 _asin mediación
_bn
_2rdamedia
338 _avolumen
_bnc
_2rdacarrier
942 _2ddc
_cLBS1
999 _c38052
_d38052